TV shows by Theme Song - Statistics

General Stats
  • This quiz has been taken 75 times
  • The average score is 7 of 27
Answer Stats
theme song run time show % Correct
I'll be there for you 1994-2004 Friends
84%
all started with a big bang hey 2007-2019 The Big Bang Theory
75%
the best of both worlds 2006-2011 Hannah Montana
67%
my life got flip turned upside down 1990-1996 The Fresh Prince of Bel-Air
59%
Everything is not what it seems 2007-2012 The Wizards of Waverly Place
51%
Keep it undercover 2015-2018 KC Undercover
44%
Better in Stereo 2013-2017 LIv and Maddie
44%
Make it shine 2010-2013 Victorious
41%
Take on the world 2014-2017 Girl Meets World
38%
Secret 2009-2017 Pretty Little Liars
38%
Leave it all to me 2007-2012 icarly
37%
Can't do it without ya 2011-2016 Austin & Ally
30%
Toss a coin to your witcher 2019-present The Witcher
24%
so far so great 2009-2011 Sonny With a chance
19%
No Ordinary Girl 2006-2010 H2o just add water
16%
Boss of Me 2000-2006 Malcolm in the middle
13%
Unbreakable 2015-2020 Unbreakable Kimmy Schmidt
11%
stop, i'm already dead 2015-2019 izombie
10%
we used to be friends 2004-2019 Veronica Mars
10%
this is the hunt 2016-2019 Shadowhunters
6%
Bad things 2008-2014 True Blood
5%
How soon is now? 1998-2006 Charmed
3%
Teardrop 2004-2012 House
3%
the count sings/ Look Away 2017-2019 A series of Unfortunate events
2%
A Beautiful Mine 2007-2015 Mad Men
2%
the skye boat song 2014- present Outlander
2%
can you save me? 2010-2014 Covert Affairs
0%
No matching quizzes found
Score Distribution
Percent of People with Each Score
Percentile by Number Answered
Your Score History
You have not taken this quiz